[Event "84th Annual Southwest Open"]
[Site "Irving"]
[Date "2018.09.01"]
[Round "3"]
[White "Rozman, Levy"]
[Black "Vivekananthan, Anish"]
[Result "0-1"]
[WhiteElo "2421"]
[BlackElo "2132"]
[Annotator "TA"]
[PlyCount "124"]
[EventDate "2018.08.31"]
[EventType "swiss"]
[EventCountry "USA"]
[SourceTitle "playchess.com"]
[Source "ChessBase"]
[SourceQuality "1"]

{[%evp 9,124,14,34,18,44,22,21,8,10,5,15,17,22,13,16,8,24,10,55,18,11,17,18,-57,-48,-122,-106,-114,0,-8,47,49,44,50,53,47,77,9,9,8,8,0,0,0,0,0,0,0,0,0,0,0,0,0,0,0,0,0,0,0,0,0,0,-15,-15,-15,-15,-15,0,0,0,-15,-15,-152,-152,-151,-150,-139,-137,-464,-406,-564,-533,-406,-406,-889,-873,-866,-866,-851,-826,-597,-406,-406,-406,-406,-406,-406,-406,-406,-406,-514,-469,-398,-406,-308,-152,-145,-130,-949,-130,-625,-81,-5435,-5431,-29990,-29991]} 1. d4 Nf6 2. Bg5 d5 3. Bxf6 exf6 4. e3 Bf5 5. Bd3 Qd7 {LiveBook: 4 Games} (5... Bxd3 6. Qxd3 c6 7. Nd2 Nd7 8. Ne2 g6 9. c4 dxc4 10. Qxc4 Bg7 11. O-O O-O 12. b4 Nb6 13. Qc2 f5 14. Nb3 {½-½ (107) Harika,D (2511)-Tan,Z (2504) Huaian 2016}) 6. Nf3 {D00: 1 d4 d5: Unusual lines} Nc6 7. a3 Bd6 8. c4 $146 {The position is equal.} ({Predecessor:} 8. O-O Bg4 9. Nbd2 h5 10. c4 dxc4 11. Nxc4 O-O-O 12. Rc1 h4 13. h3 {1-0 (35) Coppola,C (2202)-Zoppolo,C (1605) Montevideo 2014}) 8... dxc4 9. Bxc4 O-O 10. O-O Rfe8 11. Nc3 a6 {[%cal Ba7a6,Ba6a5,Ba5b4][%mdl 32]} 12. Rc1 Rab8 13. Bd3 b5 14. b4 Bxd3 15. Qxd3 a5 16. d5 (16. Nxb5 $11 axb4 17. Nxd6 cxd6 18. Rb1) 16... axb4 $15 17. Nxb5 (17. Na2 $15) 17... Ne5 $17 18. Nxe5 Rxe5 (18... Qxb5 $17 19. a4 Qxa4) 19. f4 $132 {[%mdl 2048] White puts up resistance} Qxb5 (19... Ree8 $11 20. Rc6 bxa3) 20. Qxb5 $14 Rxb5 21. fxe5 Bxe5 22. axb4 $11 {[%mdl 4096] Endgame KRR-KRB} g6 23. Rfd1 (23. d6 $16 Bxd6 24. Rxf6) 23... Rxb4 24. Kf2 Bxh2 25. g3 Rg4 26. Rxc7 Bxg3+ 27. Kf3 Bxc7 28. Kxg4 {KR-KB} f5+ 29. Kf3 Bd6 30. Ra1 Kf8 31. Ra8+ Ke7 32. Ra7+ Ke8 33. Ra8+ Kd7 34. Ra7+ Bc7 35. Ra6 h5 36. Kg2 Bd6 37. Ra7+ Ke8 38. Ra8+ Kd7 39. Ra7+ Bc7 40. Ra6 Ke7 41. Kh3 (41. Ra7 $11 {keeps the balance.} Kd7 42. Rb7) 41... Bd6 $1 $17 42. Kg2 g5 $1 43. Ra8 Bc5 44. Kf3 $2 {[%mdl 8192]} (44. Rh8 $17 {is more resistant.}) 44... Kf6 45. Rh8 h4 $1 46. Ke2 Ke5 47. Rh7 (47. Rh6 $142 Bd6 48. Kd3) 47... f6 $1 $19 48. Rh6 Be7 49. Rh7 Bd6 50. Rh6 Kxd5 51. Rxf6 Ke5 52. Rh6 Be7 $1 53. Ra6 g4 54. Ra5+ Ke6 55. Kf2 h3 $1 56. Ra8 Bh4+ 57. Kg1 Kd5 (57... Ke7 $19 58. Ra6 Kf7) 58. Re8 Bg3 59. Kf1 $2 {[%mdl 8192] [#]} (59. Re7 $17) 59... Be5 $2 (59... Bh2 $1 $19 {and Black stays clearly on top. aiming for ...g3.} 60. Rh8 Ke4) 60. Re7 $2 {[%mdl 8192]} (60. Kg1 $17) 60... Ke4 $2 (60... Bh2 $19 {is more deadly. And now ...g3 would win.} 61. Rh7 Ke4) 61. Re8 $2 {[%mdl 8192] [#]} (61. Kg1 $17) 61... g3 $1 {( -> ...Kf3)} 62. Re7 Kf3 {Precision: White = 27%, Black = 57%.} 0-1

[Event "84th Annual Southwest Open"]
[Site "Irving"]
[Date "2018.09.01"]
[Round "3"]
[White "Stefanov, Emil"]
[Black "Noland, Shawn W"]
[Result "1-0"]
[WhiteElo "2407"]
[BlackElo "2071"]
[Annotator "TA"]
[PlyCount "47"]
[EventDate "2018.08.31"]
[EventType "swiss"]
[EventCountry "USA"]
[SourceTitle "playchess.com"]
[Source "ChessBase"]
[SourceQuality "1"]

{[%evp 10,47,39,31,57,47,54,54,65,77,95,94,131,123,140,139,158,152,139,156,173,130,176,140,188,191,274,269,355,333,443,446,441,464,920,806,1083,1103,1058,928]} 1. d4 Nf6 2. c4 g6 3. Nc3 Bg7 4. e4 d6 5. Nf3 O-O 6. h3 {LiveBook: 5583 Games} Re8 {E90: King's Indian: Classical: Early deviations and 6 h3} (6... e5 7. d5 a5 8. Bg5 Na6 9. Be2 Qe8 10. g4 Nd7 11. a3 Nb6 12. b3 Bd7 13. Rg1 Kh8 14. Rb1 Nc5 15. Be3 f5 16. gxf5 gxf5 17. Qd2 Qe7 18. Bxc5 dxc5 {0-1 (81) Krasenkow,M (2671)-Amin,B (2693) Wijk aan Zee 2018}) 7. Be3 e5 {[#] And now ...exd4 would win.} 8. d5 c6 {White is slightly better.} 9. Be2 cxd5 10. cxd5 Qa5 $146 ({Predecessor:} 10... a6 11. a4 Nbd7 12. O-O Nc5 13. Qc2 b6 14. b4 Ncxe4 15. Nxe4 Nxd5 {1-0 (29) Noble,J-Santos Etxepare,A LSS email 2007}) 11. Nd2 Na6 12. O-O Nc5 13. a3 Qd8 14. b4 Ncd7 15. Nc4 Bf8 16. Na5 Nb8 17. Rc1 h6 (17... a6 {was worth a try.} 18. g4 h6) 18. Nb5 $18 Na6 19. Nxa7 Rxa7 20. Bxa7 {White is clearly winning.} Nxe4 21. Bb5 Qg5 (21... Bd7 $142 22. Nxb7 Qe7) 22. Be3 Qh4 23. Bxe8 Bxh3 24. Qf3 {Precision: White = 80%, Black = 13%.} 1-0

[Event "84th Annual Southwest Open"]
[Site "Irving"]
[Date "2018.09.01"]
[Round "3"]
[White "Chua, Alexander"]
[Black "Oberoi, Shelev"]
[Result "1-0"]
[WhiteElo "2332"]
[BlackElo "1896"]
[Annotator "TA"]
[PlyCount "74"]
[EventDate "2018.08.31"]
[EventType "swiss"]
[EventCountry "USA"]
[SourceTitle "playchess.com"]
[Source "ChessBase"]
[SourceQuality "1"]

{[%evp 23,74,10,71,0,0,-47,31,24,45,43,93,83,91,54,91,87,77,69,50,39,46,45,53,17,18,0,0,0,41,39,39,0,65,70,71,59,64,61,61,68,68,64,124,106,110,93,165,65,282,246,249,227,308]} 1. d4 Nf6 2. c4 d6 3. Nf3 Nbd7 4. g3 e5 5. Bg2 g6 6. Nc3 Bg7 7. O-O O-O 8. e4 exd4 9. Nxd4 Re8 10. h3 Nc5 11. Re1 a5 12. Ndb5 Be6 {LiveBook: 17 Games} (12... Nfd7 $11 {remains equal.}) 13. Bf1 {E68: King's Indian: Fianchetto: 6...Nbd7 7 0-0 e5 8 e4} ({White should play} 13. e5 $16 dxe5 14. Qxd8 Raxd8 15. Nxc7) (13. b3 Nfd7 14. Be3 Ne5 15. Re2 a4 16. Rb1 axb3 17. axb3 Na6 18. Rd2 Qe7 19. Nd5 Bxd5 20. cxd5 Nd7 {½-½ (45) Gagunashvili,M (2562)-Jobava,B (2616) Dubai 2004}) 13... Bd7 $146 {[%cal Rf6e4]} ({Predecessor:} 13... Qd7 14. g4 h5 15. g5 Nh7 16. Be3 Na6 17. Kh2 Qe7 18. h4 c6 19. Nd4 Bd7 20. Bg2 Nc5 {1-0 (46) Say,F-Jezierska,I (2085) Los Angeles 1995}) 14. f3 h6 (14... Bxb5 $15 15. cxb5 Nh5) 15. Be3 $14 {White is slightly better.} b6 16. Qd2 Kh7 17. Rad1 Bc6 18. Bf2 Nfd7 {[%cal Bf6d7,Bd7e5,Be5c6][%mdl 32]} 19. b3 Ne5 20. Nd4 {And now f4 would win.} Bb7 21. Re3 Nc6 22. Ndb5 Na7 23. Kh2 h5 24. Ree1 Nxb5 25. Nxb5 Qd7 26. h4 Qe7 27. Bd4 Ne6 (27... Be5 $11 28. Bh3 Rad8) 28. Bxg7 Kxg7 29. Nc3 $36 {[%mdl 2048] White is more active.} Qf6 30. Nd5 Bxd5 31. cxd5 Nc5 32. Re3 g5 (32... Kg8 $14) 33. hxg5 $16 Qxg5 34. Bh3 Kh8 (34... Qh6 $16 {was worth a try.}) 35. Qd4+ (35. Qe2 $18) 35... f6 $2 {[#]} (35... Qe5 $14) 36. f4 Qg7 37. Rh1 Re7 {Precision: White = 40%, Black = 42%.} 1-0

[Event "84th Annual Southwest Open"]
[Site "Irving"]
[Date "2018.09.01"]
[Round "3"]
[White "Guo, Arthur"]
[Black "Huang, Max"]
[Result "1-0"]
[WhiteElo "2283"]
[BlackElo "1805"]
[Annotator "TA"]
[PlyCount "71"]
[EventDate "2018.08.31"]
[EventType "swiss"]
[EventCountry "USA"]
[SourceTitle "playchess.com"]
[Source "ChessBase"]
[SourceQuality "1"]

{[%evp 23,71,27,25,25,35,34,27,13,49,37,78,72,77,66,108,106,137,129,143,144,171,121,327,339,395,387,414,414,425,406,415,402,785,802,793,743,752,747,994,973,1106,1073,1050,1033,1299,980,1391,1371,1920,1906]} 1. e4 c5 2. Nf3 e6 3. d4 cxd4 4. Nxd4 a6 5. Bd3 Bc5 6. Nb3 Be7 7. O-O d6 8. Qg4 g6 {B42: Sicilian: Kan Variation: 5 Bd3} 9. Qe2 Nd7 10. a4 b6 11. Nc3 (11. Na3 Ngf6 12. Bh6 Bf8 13. Bxf8 Kxf8 14. Nc4 Qc7 15. f4 d5 16. exd5 Nxd5 {1-0 (32) Leko,P (2691)-Svidler,P (2765) Riadh 2017}) 11... Bb7 12. Kh1 Qc7 {LiveBook: 7 Games} 13. Bd2 Ngf6 14. Bh6 Bf8 15. Qd2 {[#]} Ne5 $146 ({Predecessor:} 15... Bxh6 16. Qxh6 {½-½ (36) Marti Pericot,J (2498)-Banet,J (2504) ICCF email 2012}) 16. f3 Qe7 17. Rad1 Bxh6 18. Qxh6 Nh5 19. Kg1 Rc8 20. Be2 f6 21. Qe3 Nd7 22. Rd3 e5 $2 {[#]} (22... O-O $16 {was called for.}) 23. Rfd1 $18 Rc6 24. Nd5 Qe6 25. Nb4 Nf4 26. R3d2 {[%cal Bd3d2,Bd2d6,Bd6c6,Bc6c7][%mdl 32]} ({Not} 26. Nxc6 Nxd3 27. Qxd3 Bxc6 $18) 26... Nxe2+ 27. Qxe2 Rxc2 (27... Rc7 $142 28. Rxd6 Qf7 29. Nxa6 Bxa6 30. Qxa6 O-O) 28. Nxc2 {[%cal Bb4c2,Bc2e3,Be3d5,Bd5b6][%mdl 32] White is clearly winning.} Qxb3 29. Rxd6 Bc8 30. Ne3 Ke7 31. Rc6 Qxa4 32. Nd5+ Kf7 33. Rc7 Ke6 34. Rdc1 Qd4+ 35. Kh1 Nc5 36. Nxb6 {Precision: White = 91%, Black = 24%.} 1-0

[Event "84th Annual Southwest Open"]
[Site "Irving"]
[Date "2018.09.01"]
[Round "3"]
[White "Yim, Sung Ho"]
[Black "Cervantes Landeiro, Thalia"]
[Result "1/2-1/2"]
[WhiteElo "2271"]
[BlackElo "2172"]
[Annotator "TA"]
[PlyCount "47"]
[EventDate "2018.08.31"]
[EventType "swiss"]
[EventCountry "USA"]
[SourceTitle "playchess.com"]
[Source "ChessBase"]
[SourceQuality "1"]

{[%evp 16,47,19,16,24,20,22,20,18,27,21,6,9,9,5,14,15,16,19,19,15,17,24,19,13,15,18,0,0,-1,0,-10,-6,-6]} 1. Nf3 d5 2. e3 {[%cal Be2e3,Be3e4][%mdl 32]} Nf6 3. c4 g6 (3... c6 4. d4 Bf5 5. Nc3 e6 6. Nh4 Be4 7. f3 Bg6 8. Qb3 Qc7 9. Bd2 Be7 10. O-O-O dxc4 11. Bxc4 a6 12. Be2 Nbd7 13. Nxg6 hxg6 14. Kb1 c5 15. d5 exd5 16. Nxd5 Nxd5 17. Qxd5 {0-1 (31) Karjakin,S (2773)-Caruana,F (2822) Saint Louis 2018}) 4. cxd5 Nxd5 5. d4 Bg7 6. e4 {A06: Réti Opening:1 Nf3 d5} Nb6 7. Bb5+ c6 8. Be2 Bg4 9. Nbd2 {LiveBook: 3 Games} O-O 10. O-O $146 ({Predecessor:} 10. h3 Be6 11. Nb3 N8d7 12. O-O Qc7 {½-½ (40) Ricci,A (1898)-Rinaudo,S (2116) Porto San Giorgio 2012}) 10... e5 11. dxe5 N8d7 12. h3 Bxf3 $1 13. Nxf3 Nxe5 14. Qc2 Nxf3+ 15. Bxf3 Qd4 16. Rb1 Qc4 17. Qxc4 Nxc4 18. b3 Nd6 19. Rd1 Nb5 {Hoping for ...Nc3.The position is equal.} 20. Rd7 b6 21. Bb2 Rfd8 22. Rxd8+ Rxd8 23. a4 Nd4 24. Bxd4 {Precision: White = 84%, Black = 85%.} 1/2-1/2

[Event "84th Annual Southwest Open"]
[Site "Irving"]
[Date "2018.09.01"]
[Round "3"]
[White "Shen, Christopher"]
[Black "Polavaram, Rithik"]
[Result "1-0"]
[WhiteElo "2254"]
[BlackElo "2108"]
[Annotator "TA"]
[PlyCount "67"]
[EventDate "2018.08.31"]
[EventType "swiss"]
[EventCountry "USA"]
[SourceTitle "playchess.com"]
[Source "ChessBase"]
[SourceQuality "1"]

{[%evp 22,66,0,0,20,-12,-12,-64,-57,-62,-68,-78,-86,-78,-77,-85,-85,-87,-76,-73,52,-66,-2,-2,-2,0,-6,-6,-4,-23,0,0,0,-7,0,-1,0,0,10,10,94,84,107,93,29998,29999,29999]} 1. c4 Nf6 2. g3 e6 3. Bg2 d5 4. Nf3 Be7 5. O-O O-O 6. d4 dxc4 7. Qc2 a6 8. a4 Bd7 9. Rd1 {E05: Open Catalan: 5 Nf3 Be7} Bc6 10. Bg5 b5 11. Bxf6 Bxf6 12. Nbd2 {LiveBook: 6 Games} (12. Nc3 Qe8 13. e4 g6 14. h4 Nd7 15. axb5 axb5 16. Rxa8 Qxa8 {½-½ (26) Mamedyarov,S (2808)-So,W (2778) Stavanger 2018}) 12... Bb7 13. Ne4 $146 (13. Ng5 {keeps more tension.} Bxg5 14. Bxb7 Ra7 15. Be4 c6 16. e3) ({Predecessor:} 13. Ng5 Bxg5 14. Bxb7 Ra7 15. Be4 f5 16. Bf3 Bxd2 17. Rxd2 {½-½ (57) Lorparizangeneh,S (2484)-Tahbaz,A (2456) Ahvaz 2018}) 13... Nd7 {[#]} 14. Ne5 ({Better is} 14. Nfg5 $1 $11 {[%mdl 512]} Bxg5 15. Nxg5 Qxg5 16. Bxb7) 14... Bxe5 $15 15. dxe5 {Strongly threatening Nf6+!} Bd5 16. axb5 axb5 17. Rxa8 Qxa8 ({Not} 17... Bxa8 18. Nc5 $1 $16 {[%mdl 512]}) 18. Ng5 {[%csl Gg5][%cal Rc2h7]} g6 19. Bxd5 exd5 20. e6 f6 (20... fxe6 $17 21. Nxe6 Rf7) 21. Ne4 (21. exd7 $14 fxg5 {[#]} 22. e4 $1 {[%mdl 512]}) 21... dxe4 (21... f5 $15 22. exd7 fxe4) 22. Rxd7 {[%mdl 4096] Endgame KQR-KQR} Qc6 {Threatening ...e3.} 23. Qd2 $1 {[%cal Rd2h6]} Qxe6 {next ...e3! is good for Black.} 24. Rxc7 Rf7 25. Qd8+ Rf8 26. Qd4 Rf7 27. Rc5 Rd7 28. Rc8+ Kg7 29. Qc5 {[%csl Gc8][%cal Rc5f8]} Qd6 {White must now prevent ...Qxc5.} 30. Qxb5 Qd1+ (30... Rc7 $11 {remains equal.} 31. Rxc7+ Qxc7) 31. Kg2 $16 e3 32. Qxc4 {White threatens Rg8+ and mate.} exf2 $2 {[%mdl 8192]} (32... Qd5+ $16 33. Qxd5 Rxd5) 33. Rg8+ Kh6 34. Qh4# {Precision: White = 56%, Black = 20%.} 1-0

[Event "84th Annual Southwest Open"]
[Site "Irving"]
[Date "2018.09.01"]
[Round "3"]
[White "Nguyen, Emily"]
[Black "Wang, Justin"]
[Result "1/2-1/2"]
[WhiteElo "2194"]
[BlackElo "2391"]
[Annotator "TA"]
[PlyCount "119"]
[EventDate "2018.08.31"]
[EventType "swiss"]
[EventCountry "USA"]
[SourceTitle "playchess.com"]
[Source "ChessBase"]
[SourceQuality "1"]

{[%evp 14,119,16,-4,17,0,12,0,0,0,0,0,0,0,27,0,32,37,33,43,45,34,37,24,38,29,37,28,59,59,52,27,32,31,45,16,15,-6,46,34,46,44,66,70,68,68,66,73,98,63,84,56,52,52,82,0,0,0,98,0,177,187,199,199,199,199,199,181,176,193,193,193,193,193,191,192,186,173,177,167,151,141,128,126,155,150,188,176,187,168,165,164,181,175,184,147,156,0,0,0,0,0,0,0,0,0,0,0]} 1. d4 Nf6 2. Nf3 e6 3. c4 b6 4. g3 Bb7 5. Bg2 Bb4+ 6. Bd2 Be7 7. O-O O-O 8. Bf4 {LiveBook: 69 Games} c6 $146 {E17: Queen's Indian: 4 g3 Bb7 5 Bg2 Be7} ({Predecessor:} 8... Re8 9. Nc3 Ne4 10. Qc2 Nxc3 11. Qxc3 d6 12. Rfe1 f5 13. Rad1 Nd7 14. h4 h6 15. Qc1 Bf6 16. Bd2 {1-0 (61) Short,N (2678)-Ivanchuk,V (2726) Riadh 2017}) 9. Re1 d5 10. Qc2 Na6 11. Nbd2 c5 12. Rad1 cxd4 13. Nxd4 Qc8 14. e4 dxe4 (14... Bc5 {looks sharper.} 15. Be3 Nxe4 16. Nxe4 dxe4 17. Bxe4 Nb4) 15. Nxe4 Nc5 {aiming for ...Bxe4.} 16. Nd6 Bxd6 $1 17. Bxd6 Bxg2 18. Kxg2 Rd8 19. Bf4 Qb7+ 20. f3 a5 21. Nb5 h6 22. Bc7 Rd7 23. Rxd7 Ncxd7 24. Qd2 Qc6 25. Rc1 Ne8 (25... e5 $11) 26. Bf4 $1 $14 Nf8 27. Qd4 Ng6 28. Be3 Rb8 29. b3 Nf6 30. Rd1 Qb7 31. Nd6 Qe7 32. Ne4 Nxe4 33. Qxe4 a4 34. bxa4 (34. Qc6 $16) 34... Qa3 $11 35. Rd2 Rc8 (35... Qxa4 $11 {keeps the balance.} 36. Rc2 Qb4) 36. Qb7 ({White should try} 36. Rc2 $16 {Strongly threatening c5!} Qxa4 37. Bxb6) 36... Re8 $2 (36... Qxe3 $11 {and Black stays safe.} 37. Qxc8+ Kh7) 37. Qxb6 $18 Ne5 38. Qb3 $1 {[%cal Rb3a3]} Nxc4 39. Qxa3 ({Don't take} 39. Qxc4 $6 Qxe3 40. Qc1 Qa7 $14) 39... Nxa3 {[%mdl 4096] Endgame KRB-KRN} 40. Bb6 Nc4 41. Rd8 Rxd8 42. Bxd8 {KB-KN} Kf8 43. a5 Ke8 44. Bb6 Kd7 45. Kf2 Kc6 46. Ke2 Kb5 47. Kd3 Ne5+ 48. Ke4 Nc6 49. f4 g6 {[#]} 50. Bc7 $1 h5 51. Kd3 Nb4+ 52. Kd4 Nc6+ 53. Kc3 Ne7 {Hoping for ...Nd5+.} 54. a4+ Ka6 {[#]} 55. Kc4 $2 (55. Bd8 $1 $16 {[%cal Rd8e7]} Nc6 56. Bc7) 55... Nd5 $11 {The position is equal.} 56. Bb6 h4 $1 57. Kd4 hxg3 58. hxg3 {Threatens to win with Ke5.} Nxf4 59. gxf4 {Ke5 is the strong threat.} f6 60. Ke4 {Precision: White = 64%, Black = 62%.} 1/2-1/2

[Event "84th Annual Southwest Open"]
[Site "Irving"]
[Date "2018.09.01"]
[Round "3"]
[White "Kung, Thomas"]
[Black "Wheeler, Cameron"]
[Result "1/2-1/2"]
[WhiteElo "2132"]
[BlackElo "2406"]
[Annotator "TA"]
[PlyCount "42"]
[EventDate "2018.08.31"]
[EventType "swiss"]
[EventCountry "USA"]
[SourceTitle "playchess.com"]
[Source "ChessBase"]
[SourceQuality "1"]

{[%evp 12,42,56,47,112,114,131,153,140,138,142,88,121,55,63,50,69,53,70,66,141,127,121,116,110,118,143,124,126,130,242,238,249]} 1. e4 a6 2. d4 b5 3. Nf3 Bb7 4. Bd3 e6 5. a4 (5. O-O c5 6. c3 Nf6 7. Re1 Be7 8. a4 cxd4 9. cxd4 Nc6 10. Nc3 Nb4 11. Bf1 bxa4 12. Qxa4 O-O 13. Bg5 Bc6 14. Qa5 Nc2 15. Qxd8 Rfxd8 16. d5 Bb7 17. Rac1 Nxe1 18. Rxe1 h6 19. Bh4 Bb4 {0-1 (19) Miroshnichenko,E (2606)-Carlsen,M (2834) chess.com INT 2018}) 5... b4 6. c3 {B00: Queen's Fianchetto Defence, Nimzowitsch Defence} c5 7. O-O {LiveBook: 3 Games} h6 $146 (7... d5 $14 8. exd5 Qxd5) ({Predecessor:} 7... Be7 8. Nbd2 bxc3 9. bxc3 cxd4 10. cxd4 Nc6 11. Re1 {1-0 (55) Petkov,V (2475)-Nanu,C (2434) Ortigueira 2005}) 8. Nbd2 $16 {White is better.} bxc3 9. bxc3 {[%cal Bb2c3,Bc3d4][%mdl 32]} cxd4 10. cxd4 {And now Qb3 would win.} Nc6 11. Re1 Nf6 12. Bf1 (12. d5 $16 Nb4 13. Bf1) 12... d5 $14 13. Rb1 Rb8 14. Rxb7 Rxb7 15. Bxa6 Qb6 {[#]} ({Better is} 15... Qc7 $1 $14) 16. Bb5 $1 $16 Kd8 17. exd5 exd5 18. Nb3 {aiming for Ne5.} Bb4 19. Bd2 Bxd2 20. Qxd2 {Threatens to win with Bxc6.} Rc7 {[#]} (20... Ne4 $16 {was called for.} 21. Qf4 Na7) 21. Ne5 $1 $18 {[%cal Re5c6][%mdl 1024] White has strong compensation.} Ne4 {Precision: White = 76%, Black = 34%.} 1/2-1/2

[Event "84th Annual Southwest Open"]
[Site "Irving"]
[Date "2018.09.01"]
[Round "3"]
[White "Gutman, Joshua"]
[Black "Lin, Andy"]
[Result "0-1"]
[WhiteElo "2031"]
[BlackElo "2274"]
[Annotator "TA"]
[PlyCount "150"]
[EventDate "2018.08.31"]
[EventType "swiss"]
[EventCountry "USA"]
[SourceTitle "playchess.com"]
[Source "ChessBase"]
[SourceQuality "1"]

{[%evp 16,150,24,16,20,11,43,-63,-51,-75,-66,-71,-73,-73,-81,-71,-75,-67,-19,-33,-30,-39,11,-38,-30,-37,-38,-54,-50,-61,-62,-95,-47,-47,-32,-77,-60,-83,-70,-104,-87,-89,-109,-121,-137,-131,-118,-104,-105,-160,-133,-134,-122,-147,-104,-158,-150,-184,-166,-153,-157,-197,-194,-248,-161,-192,-198,-222,-169,-251,-118,-129,-117,-132,-133,-152,-64,-212,-213,-211,-205,-194,-114,-164,-145,-141,-131,-138,-142,-178,-91,-101,-90,-230,-217,-212,-230,-216,-117,-139,-125,-114,-105,-168,-130,-426,-203,-264,-48,-177,-93,-200,-108,-108,-96,-126,-104,-108,-111,-190,-163,-382,-358,-518,-483,-559,-529,-658,-630,-6490,-6270,-5065,-2347,-29980,-29981,-29979,-29972]} 1. d4 d5 2. c4 e6 3. Nf3 c6 4. Qc2 dxc4 5. Qxc4 Nf6 6. g3 b5 7. Qc2 Bb7 8. Bg2 Nbd7 9. Ne5 {LiveBook: 94 Games} Nd5 {[%cal Bf6d5,Bd5b4,Bb4d3][%mdl 32] D30: Queen's Gambit Declined: Systems without Nc3} (9... Nxe5 10. dxe5 Nd5 11. Nc3 Be7 12. O-O O-O 13. Rd1 Qb8 14. f4 a5 15. Nxd5 cxd5 16. Be3 Rc8 17. Qd2 {½-½ (45) Delorme,A (2518)-Hammer,J (2628) Helsingor 2017}) 10. O-O Rc8 11. e4 ({Better is} 11. Nxd7 $14 Qxd7 12. Rd1) 11... Nb4 $146 {Black is slightly better.} ({Predecessor:} 11... N5f6 12. Qe2 Be7 13. a3 Nxe5 14. dxe5 Nd7 15. f4 Qb6+ 16. Kh1 c5 17. Be3 {0-1 (41) Pavlidou,E (2175)-Makka,E (2082) Vrachati 2014}) 12. Qe2 Nxe5 13. dxe5 Qd3 $1 {[%cal Rd3e2]} 14. Nc3 Qxe2 15. Nxe2 Nd3 16. Rd1 Nxe5 17. Bf4 Ng6 18. Be3 a6 19. f4 c5 20. Rac1 Be7 21. h4 Nf8 22. Rd2 Nd7 23. Nc3 Nb6 24. b3 O-O 25. Rcd1 Rc7 26. Kf2 Rfc8 27. Ne2 Kf8 28. h5 Ke8 29. Rc2 Nd7 30. e5 Bxg2 31. Kxg2 f6 32. h6 (32. Bd2 $142) 32... g6 33. exf6 Nxf6 34. Kf3 Bf8 35. Rdc1 (35. Rcc1 $142) 35... Nd5 $17 ({Don't take} 35... Bxh6 36. Rxc5 Rxc5 37. Rxc5 $17) 36. Bf2 Nb4 37. Rd2 Bxh6 38. Nc3 Bf8 {...c4 is the strong threat.} 39. a3 (39. Rcd1 $142) 39... Nc6 40. Ne4 Na5 41. Rc3 Be7 42. Rdc2 (42. Rd6 {is a better defense.}) 42... Nb7 (42... c4 $19 43. b4 Nc6) 43. Bd4 Rc6 44. Be5 c4 45. b4 a5 (45... h5 $17 46. g4 Nd6 47. gxh5 gxh5) 46. Nf6+ (46. bxa5 $15 Nxa5 47. Rh2) 46... Bxf6 $1 $19 47. Bxf6 axb4 48. axb4 R6c7 (48... Kf7 $19 49. Be5 Ra6) 49. g4 Nd8 50. Re3 Kf7 51. Bc3 Rd7 52. Ke4 Nc6 (52... Ra8 $19 {Strongly threatening ...Nc6.} 53. Rh3 Kg8) 53. Rh3 $17 Kg8 {Threatens to win with ...Ra8.} 54. Rch2 (54. Ra2 $17) 54... Rf8 $19 55. Rh6 Nd8 56. R6h3 Rff7 ({Black should try} 56... Nf7 $19 57. Rd2 Rxd2 58. Bxd2 Rd8) 57. Ra2 $17 Ra7 58. Rxa7 Rxa7 {[%mdl 4096] Endgame KRB-KRN} 59. Ke5 (59. Kd4 $17) 59... Rd7 $19 60. Kf6 $2 {[%mdl 8192]} (60. g5 $17) 60... Kf8 (60... Rd3 $142 61. Rxd3 cxd3) 61. Ke5 {[#]} Rf7 $2 (61... h5 $1 $19 62. gxh5 Rd5+ 63. Kf6 Rxh5) 62. Rh2 (62. Kd6 $1 $15) 62... Ke8 (62... Ke7 $1 $19 63. Ke4 Nc6) 63. Rf2 (63. Kd6 $17) 63... h5 (63... Kd7 $19 64. Ke4 Nc6) 64. gxh5 $17 Rf5+ (64... gxh5 $2 65. Rh2 $19) 65. Kd6 {[#]} Rd5+ $1 66. Kc7 gxh5 {[%cal Bg6h5,Bh5h4,Bh4h3][%mdl 32]} 67. Rg2 (67. Rh2 $17 {was called for.}) 67... Nf7 $19 68. Bf6 $2 (68. Rg6) 68... Nd6 69. Be5 (69. Rh2 $142) 69... Nf5 70. Rg8+ Kf7 71. Rh8 h4 {And now ...Rxe5! would win.} 72. Kc6 {[#]} Rxe5 $1 73. fxe5 {[#]} c3 $1 {[%cal Bc4c3,Bc3c2][%mdl 32]} 74. Kxb5 c2 75. Rc8 h3 {Precision: White = 20%, Black = 53%.} 0-1